000 00346nam a2200121Ia 4500
008 240731s9999 xx 000 0 und d
022 _a2040-4786
245 0 _aTel Aviv : Journal of the Institute of Archaeology of Tel Aviv University
260 _bRoutledge
856 _uhttps://www.tandfonline.com/loi/ytav20
942 _2ddc
942 _cTFEJ
999 _c79825
_d79825
945 _a1
_bMadushi Gamage
_c1
_dMadushi Gamage